[Event "USCL Week 2"]
[Site "Internet Chess Club"]
[Date "2011.09.06"]
[Round "?"]
[White "Korley, Kassa"]
[Black "Bartell, Tom"]
[Result "1/2-1/2"]
[WhiteElo "2368"]
[BlackElo "2405"]
[PlyCount "52"]
[EventDate "2011.??.??"]

1. Nf3 Nf6 2. c4 g6 3. Nc3 d5 4. cxd5 Nxd5 5. e4 Nxc3 6. dxc3 Qxd1+ 7. Kxd1 f6
8. h4 Bg4 9. Kc2 e5 10. Nd2 h5 11. f3 Bd7 12. Nc4 a5 13. a4 b6 14. Ne3 Bd6 15.
Nd5 Kf7 16. Bc4 Be6 17. Rd1 Rd8 18. g4 Nd7 19. g5 f5 20. Ne3 f4 21. Bxe6+ Kxe6
22. Nc4 Bc5 23. Bd2 Bf2 24. Be1 Bxe1 25. Rxe1 Nc5 26. Red1 Nb7 1/2-1/2

[Event "USCL Week 2"]
[Site "Internet Chess Club"]
[Date "2011.09.06"]
[Round "?"]
[White "Williams, Justus"]
[Black "Goldberg, Ben"]
[Result "0-1"]
[WhiteElo "2239"]
[BlackElo "2230"]
[PlyCount "78"]
[EventDate "2011.??.??"]

1. Nf3 Nf6 2. c4 g6 3. Nc3 d5 4. cxd5 Nxd5 5. e4 Nxc3 6. dxc3 Qxd1+ 7. Kxd1 Nd7
8. Bf4 Nc5 9. Nd2 Ne6 10. Be3 Bg7 11. Kc2 O-O 12. h4 h5 13. f3 Rd8 14. Be2 Be5
15. Bf2 Bd6 16. Nb3 Bd7 17. a4 Nf4 18. Bf1 e5 19. g3 Ne6 20. Be3 a5 21. Be2 Kf8
22. Rhf1 Bc6 23. Bc4 Ke7 24. Bd5 Bxd5 25. exd5 Ng7 26. g4 Rh8 27. Rae1 Kd7 28.
Bg5 Ne8 29. f4 exf4 30. Bxf4 hxg4 31. Bxd6 Nxd6 32. Nc5+ Kd8 33. Ne4 Nxe4 34.
Rxe4 f5 35. Re6 Ra6 36. Rxa6 bxa6 37. Rh1 Rh5 38. Kd3 g5 39. Ke3 Rxh4 0-1

[Event "USCL Week 2"]
[Site "Internet Chess Club"]
[Date "2011.09.06"]
[Round "?"]
[White "Erenburg, Sergey"]
[Black "Schroer, Jonathan"]
[Result "1/2-1/2"]
[WhiteElo "2679"]
[BlackElo "2435"]
[PlyCount "66"]
[EventDate "2011.??.??"]

1. e4 c6 2. d4 d5 3. e5 c5 4. dxc5 Nc6 5. Nf3 Bg4 6. c3 e6 7. Be3 Bxf3 8. Qxf3
Nxe5 9. Bb5+ Nc6 10. O-O Nf6 11. c4 Be7 12. Nc3 O-O 13. Rfd1 Qa5 14. a3 dxc4
15. Bxc4 Ne5 16. Qe2 Nxc4 17. Qxc4 Rfc8 18. b4 Qc7 19. Rac1 a5 20. b5 Bxc5 21.
Bxc5 b6 22. Na4 bxc5 23. b6 Qb7 24. Qb5 Nd5 25. Rxc5 Rxc5 26. Qxc5 Rc8 27. Qb5
h5 28. Rb1 Nf4 29. Qf1 Rc4 30. Nb2 Rc6 31. Na4 Rc4 32. Nb2 Rc6 33. Na4 Rc4
1/2-1/2

[Event "USCL Week 2"]
[Site "Internet Chess Club"]
[Date "2011.09.06"]
[Round "?"]
[White "Dehmelt, Karl"]
[Black "Simpson, Ron"]
[Result "0-1"]
[WhiteElo "2319"]
[BlackElo "2317"]
[PlyCount "90"]
[EventDate "2011.??.??"]

1. e4 d5 2. exd5 Qxd5 3. Nc3 Qa5 4. d4 Nf6 5. a3 Bg4 6. Nf3 Nc6 7. Bb5 O-O-O 8.
Bxc6 bxc6 9. Qe2 Rxd4 10. Be3 Rd6 11. O-O Kb7 12. b4 Qh5 13. Na4 Bxf3 14. gxf3
Nd5 15. Kh1 Rf6 16. Nc5+ Ka8 17. Ne4 Qxf3+ 18. Qxf3 Rxf3 19. Rfd1 Kb7 20. Bc5
Rf4 21. c4 Rxe4 22. cxd5 cxd5 23. Rxd5 g6 24. Rd7 Bg7 25. Rc1 Be5 26. Rxe7 f6
27. Be3 Rh4 28. Kg2 Rxh2+ 29. Kf3 Rh4 30. Rd7 Re8 31. Rd5 a6 32. b5 Re6 33. b6
Rc6 34. bxc7 Rxc1 35. Bxc1 Kxc7 36. Be3 Bd6 37. Rd3 Ra4 38. Rc3+ Kd7 39. Bc1 h5
40. Rb3 g5 41. Ke2 Ke6 42. f3 h4 43. Kf2 Rc4 44. Be3 Rc2+ 45. Kg1 Ra2 0-1

[Event "USCL Week 2"]
[Site "Internet Chess Club"]
[Date "2011.09.06"]
[Round "?"]
[White "Jones, Craig"]
[Black "Shahade, Michael"]
[Result "1/2-1/2"]
[WhiteElo "2305"]
[BlackElo "2241"]
[PlyCount "101"]
[EventDate "2011.??.??"]

1. e4 c5 2. d4 cxd4 3. c3 g6 4. cxd4 d5 5. exd5 Nf6 6. Nc3 Nxd5 7. Qb3 Nb6 8.
Bb5+ Bd7 9. a4 Bg7 10. a5 Nc8 11. Nf3 O-O 12. O-O Nd6 13. Bf4 Nxb5 14. Nxb5
Bxb5 15. Qxb5 Qd7 16. Qb3 e6 17. Rfc1 Na6 18. Rc4 Rac8 19. Rac1 Qd5 20. h3 Nb8
21. Ne5 Bxe5 22. dxe5 Rxc4 23. Qxc4 Qxc4 24. Rxc4 b6 25. b4 Kg7 26. b5 bxa5 27.
Rc7 a4 28. Rxa7 a3 29. Rxa3 Nd7 30. Ra7 Nb6 31. Rb7 Nd5 32. Bd2 Ra8 33. Kf1 Ra3
34. Ke2 Rb3 35. g3 g5 36. Kd1 h6 37. Rb8 Rf3 38. Kc2 Rxf2 39. b6 Nb4+ 40. Kd1
Rf1+ 41. Be1 Nd3 42. Ke2 Rxe1+ 43. Kxd3 Rxe5 44. Kc4 Re4+ 45. Kc5 Re1 46. b7
Rc1+ 47. Kd6 Rd1+ 48. Kc6 Rc1+ 49. Kd6 Rd1+ 50. Kc6 Rc1+ 51. Kd6 1/2-1/2

[Event "USCL Week 2"]
[Site "Internet Chess Club"]
[Date "2011.09.06"]
[Round "?"]
[White "Yanayt, Eugene"]
[Black "Ding, Jialin"]
[Result "1-0"]
[WhiteElo "2305"]
[BlackElo "2244"]
[PlyCount "81"]
[EventDate "2011.??.??"]

1. Nf3 Nf6 2. g3 d5 3. Bg2 c6 4. O-O Bf5 5. d3 h6 6. Nc3 e6 7. Nd2 Be7 8. e4
Bh7 9. f4 O-O 10. h3 Na6 11. g4 dxe4 12. dxe4 Nd7 13. Nf3 Bc5+ 14. Kh1 Qe7 15.
Qe2 Rad8 16. g5 f5 17. a3 Rfe8 18. Re1 Qf8 19. b4 Bb6 20. e5 Nc7 21. Na4 Nd5
22. c4 Ne7 23. Nxb6 Nxb6 24. Be3 Bg6 25. gxh6 gxh6 26. Nd4 Qf7 27. Bf3 Kh8 28.
Bf2 Rg8 29. Nb3 Rge8 30. Bh4 Nbc8 31. Nc5 b6 32. Nb7 Rd4 33. Nd6 Qf8 34. Qe3
Re4 35. Nxe4 fxe4 36. Bxe4 Nf5 37. Bf6+ Kh7 38. Bxf5 Bxf5 39. Rg1 Bg6 40. Rxg6
Kxg6 41. Qe4+ 1-0

[Event "USCL Week 2"]
[Site "Internet Chess Club"]
[Date "2011.09.06"]
[Round "?"]
[White "Barcenilla, Rogelio"]
[Black "Cozianu, Costin"]
[Result "1/2-1/2"]
[WhiteElo "2583"]
[BlackElo "2508"]
[PlyCount "102"]
[EventDate "2011.??.??"]

1. c4 e5 2. g3 d6 3. Bg2 f5 4. Nc3 Nf6 5. d4 Be7 6. Nf3 e4 7. Ng5 h6 8. Nh3 g5
9. f3 exf3 10. exf3 c6 11. f4 g4 12. Nf2 Na6 13. h3 gxh3 14. Rxh3 Nc7 15. d5
cxd5 16. cxd5 Bd7 17. Be3 Bf8 18. Qb3 Bg7 19. Qb4 O-O 20. Kf1 Re8 21. Bd4 Qe7
22. a4 b6 23. Qc4 Rac8 24. Qd3 Qf7 25. Kg1 Re7 26. Bf3 Rce8 27. Rh1 Re1+ 28.
Rxe1 Rxe1+ 29. Kg2 Rxh1 30. Kxh1 Nfe8 31. Bxg7 Kxg7 32. Kg2 Nf6 33. Nfd1 Qe8
34. Ne3 Qc8 35. Ne2 h5 36. Nd4 Kg6 37. b4 Nce8 38. b5 Ng7 39. Nc6 Bxc6 40. bxc6
Nfe8 41. Nc4 Qd8 42. Ne5+ dxe5 43. fxe5 Ne6 44. Bxh5+ Kxh5 45. Qxf5+ Ng5 46.
Qd7 Qa8 47. d6 Kg6 48. Qb7 Qd8 49. Qd7 Qa8 50. Qb7 Qd8 51. Qd7 Qa8 1/2-1/2

[Event "USCL Week 2"]
[Site "Internet Chess Club"]
[Date "2011.09.06"]
[Round "?"]
[White "Mikhailuk, Slava"]
[Black "Thompson, Nick"]
[Result "1/2-1/2"]
[WhiteElo "2415"]
[BlackElo "2242"]
[PlyCount "113"]
[EventDate "2011.??.??"]

1. c4 e5 2. Nc3 Nf6 3. g3 d5 4. cxd5 Nxd5 5. Bg2 Nb6 6. Nf3 Nc6 7. O-O Be7 8.
d3 O-O 9. Be3 Be6 10. Qc1 f5 11. Rd1 Nd5 12. Ng5 Bxg5 13. Bxg5 Qd7 14. Nxd5
Bxd5 15. e4 Nd4 16. Qc5 Ne6 17. Qxd5 Qxd5 18. exd5 Nxg5 19. Rac1 Rac8 20. Rc5
b6 21. Rc6 Rf6 22. Rc4 Rd6 23. h4 Nf7 24. g4 g6 25. Ra4 a5 26. Rc1 Rd7 27. gxf5
gxf5 28. f4 exf4 29. Rxf4 Nd6 30. Bh3 Rf8 31. Kf2 Re7 32. Rg1+ Kh8 33. Rg5 Re5
34. Bg2 Rg8 35. Rxg8+ Kxg8 36. Rf3 Kf7 37. Rg3 Re7 38. Re3 Rxe3 39. Kxe3 Kf6
40. a4 Ke5 41. d4+ Kf6 42. b3 Nc8 43. Kf4 Ne7 44. h5 h6 45. Bf3 Nc8 46. Be2 Ne7
47. Bc4 Nc8 48. Ba6 Ne7 49. Bb7 Ng8 50. Bc8 Ne7 51. Be6 c6 52. d6 Kxe6 53. dxe7
Kxe7 54. Kxf5 Kf7 55. Ke5 Ke7 56. Kf5 Kf7 57. Ke5 1/2-1/2

[Event "USCL Week 2"]
[Site "Internet Chess Club"]
[Date "2011.09.07"]
[Round "?"]
[White "Kaufman, Larry"]
[Black "Gulko, Boris"]
[Result "1/2-1/2"]
[WhiteElo "2467"]
[BlackElo "2587"]
[PlyCount "39"]
[EventDate "2011.??.??"]

1. d4 e6 2. c4 d5 3. Nc3 Bb4 4. e3 Nf6 5. a3 Bxc3+ 6. bxc3 c5 7. cxd5 Qxd5 8.
Nf3 O-O 9. Bd3 b6 10. Qe2 Bb7 11. e4 Qh5 12. h3 Nbd7 13. Bf4 Rac8 14. O-O cxd4
15. cxd4 Rc3 16. Rfe1 Rfc8 17. Bd2 R3c7 18. Bf4 Rc3 19. Bd2 R3c7 20. Bf4
1/2-1/2

[Event "USCL Week 2"]
[Site "Internet Chess Club"]
[Date "2011.09.07"]
[Round "?"]
[White "van de Mortel, Jan"]
[Black "Mandizha, Farai"]
[Result "1/2-1/2"]
[WhiteElo "2499"]
[BlackElo "2494"]
[PlyCount "82"]
[EventDate "2011.??.??"]

1. d4 e6 2. c4 f5 3. Nf3 Nf6 4. g3 g6 5. Bg2 Bg7 6. O-O O-O 7. Nc3 d6 8. Qc2
Nc6 9. d5 Ne5 10. Nd4 Nxc4 11. Nxe6 Bxe6 12. dxe6 c6 13. e4 fxe4 14. Nxe4 Nxe4
15. Qxe4 d5 16. Qe2 Qe7 17. Rb1 Rae8 18. b3 Nd6 19. Ba3 Bd4 20. Bxd6 Qxd6 21.
Bh3 b5 22. Rbd1 Bb6 23. Kh1 a6 24. f4 Re7 25. f5 gxf5 26. Rxf5 Rxf5 27. Qg4+
Kf8 28. Qxf5+ Ke8 29. a3 Kd8 30. b4 Kc7 31. Rf1 a5 32. a4 bxa4 33. b5 cxb5 34.
Rd1 b4 35. Rxd5 Qc6 36. Qe5+ Kc8 37. Qh8+ Re8 38. Qe5 Re7 39. Qh8+ Re8 40. Qe5
Re7 41. Qh8+ Re8 1/2-1/2

[Event "USCL Week 2"]
[Site "Internet Chess Club"]
[Date "2011.09.07"]
[Round "?"]
[White "Sammour-Hasbun, Jorge"]
[Black "Milman, Lev"]
[Result "1-0"]
[WhiteElo "2604"]
[BlackElo "2490"]
[PlyCount "61"]
[EventDate "2011.??.??"]

1. e4 c5 2. Nf3 d6 3. d4 cxd4 4. Nxd4 Nf6 5. Nc3 a6 6. Bg5 e6 7. f4 h6 8. Bh4
Qb6 9. Qd2 Qxb2 10. Rb1 Qa3 11. e5 dxe5 12. fxe5 g5 13. exf6 gxh4 14. Be2 Nd7
15. O-O Qd6 16. Ne4 Qc7 17. Rfd1 b6 18. Bh5 Nc5 19. Qe2 Rg8 20. Nf5 Nxe4 21.
Qxe4 Bc5+ 22. Kh1 Bb7 23. Ng7+ Kf8 24. Qxh4 Bd5 25. Bf3 Bxf3 26. gxf3 Rh8 27.
Rd3 Rd8 28. Rbd1 Rxd3 29. Rxd3 Qc8 30. Qg3 Rh7 31. Rd7 1-0

[Event "USCL Week 2"]
[Site "Internet Chess Club"]
[Date "2011.09.07"]
[Round "?"]
[White "Black, James"]
[Black "Mosiyenko, Daniil"]
[Result "1-0"]
[WhiteElo "2184"]
[BlackElo "2132"]
[PlyCount "79"]
[EventDate "2011.??.??"]

1. d4 Nf6 2. c4 c5 3. d5 e6 4. Nc3 exd5 5. cxd5 d6 6. e4 g6 7. Nge2 Bg7 8. Ng3
O-O 9. Be2 a6 10. a4 Nbd7 11. O-O Re8 12. Bg5 h6 13. Be3 Rb8 14. Qd2 Kh7 15.
Kh1 Ne5 16. h3 b6 17. f4 Ned7 18. Rab1 Bb7 19. Bd3 Rc8 20. b3 Qe7 21. Rbe1 Kg8
22. Qc2 h5 23. Rf2 h4 24. Nf1 Nh5 25. Rf3 Bd4 26. Bd2 Qf8 27. Ne2 Bg7 28. Ne3
Rb8 29. Ref1 Bc8 30. Ng4 Ndf6 31. Nxf6+ Bxf6 32. e5 Bg7 33. Bc3 Bb7 34. Be4 Qe7
35. Re3 dxe5 36. fxe5 Qg5 37. Bd2 Bxe5 38. Ref3 Qd8 39. Rxf7 Qd6 40. Bxg6 1-0

[Event "USCL Week 2"]
[Site "Internet Chess Club"]
[Date "2011.09.07"]
[Round "?"]
[White "Rodriguez, Eric"]
[Black "Friedel, Josh"]
[Result "0-1"]
[WhiteElo "2397"]
[BlackElo "2609"]
[PlyCount "54"]
[EventDate "2011.??.??"]

1. d4 Nf6 2. c4 e6 3. Nc3 Bb4 4. a3 Bxc3+ 5. bxc3 O-O 6. e3 d6 7. Ne2 e5 8. Ng3
Re8 9. Bd3 e4 10. Bb1 b6 11. f3 Ba6 12. O-O Bxc4 13. fxe4 Bxf1 14. Qxf1 Nbd7
15. Qf3 b5 16. Bd3 c5 17. Bd2 c4 18. Bc2 g6 19. Qf4 Re6 20. Qg5 Nh5 21. Qxb5
Nxg3 22. hxg3 Qc7 23. Rf1 Rb8 24. Qa4 Rb2 25. Rc1 Nf6 26. e5 dxe5 27. d5 Nxd5
0-1

[Event "USCL Week 2"]
[Site "Internet Chess Club"]
[Date "2011.09.07"]
[Round "?"]
[White "Wu, Christopher"]
[Black "Schoch, Ian"]
[Result "0-1"]
[WhiteElo "2151"]
[BlackElo "2292"]
[PlyCount "108"]
[EventDate "2011.??.??"]

1. e4 e5 2. Nf3 Nc6 3. Bb5 a6 4. Ba4 Nf6 5. d3 Bc5 6. c3 b5 7. Bc2 d5 8. exd5
Qxd5 9. Bg5 Bf5 10. O-O O-O 11. Bxf6 gxf6 12. Nh4 Bg6 13. Nxg6 hxg6 14. Kh1 Kg7
15. Nd2 Rh8 16. Qf3 Qd7 17. Rad1 Rh4 18. h3 Rah8 19. Kg1 Rf4 20. Qg3 Rh5 21. d4
Rg5 22. Qh2 Rh4 23. Nf3 Rxh3 24. Qxh3 Qxh3 25. Nxg5 Qg4 26. dxc5 fxg5 27. Bb3
e4 28. Rd5 Ne7 29. Rd4 Nf5 30. f3 Qh5 31. Rd7 Ng3 32. Rxf7+ Kh6 33. Re1 Qh1+
34. Kf2 Qh4 35. Rd1 Nf5+ 36. Ke2 e3 37. Rdd7 Qf2+ 38. Kd3 g4 39. fxg4 e2 40.
Rde7 Nxe7 41. Rxf2 e1=Q 42. Re2 Qf1 43. Kd2 Nc6 44. Bd5 Qf4+ 45. Kc2 Ne5 46.
Re4 Qf2+ 47. Kd1 Nd3 48. Re8 Nxb2+ 49. Kc1 Nd3+ 50. Kd1 Qxc5 51. Bf7 Qg1+ 52.
Kd2 Qf2+ 53. Kxd3 Qxf7 54. Re3 Qc4+ 0-1

[Event "USCL Week 2"]
[Site "Internet Chess Club"]
[Date "2011.09.07"]
[Round "?"]
[White "Gurevich, Dmitry"]
[Black "Alvarez, Ernesto"]
[Result "1-0"]
[WhiteElo "2547"]
[BlackElo "2207"]
[PlyCount "83"]
[EventDate "2011.??.??"]

1. d4 Nf6 2. c4 e6 3. Nc3 c5 4. d5 exd5 5. cxd5 d6 6. e4 g6 7. Nf3 Bg7 8. h3
O-O 9. Bd3 Re8 10. O-O Na6 11. Re1 Nc7 12. a4 b6 13. Bf4 a6 14. Qd2 Bb7 15. Qc2
h6 16. Qb3 b5 17. axb5 axb5 18. Bxb5 Nxb5 19. Qxb5 Rb8 20. Qd3 g5 21. Bh2 Nh5
22. e5 Nf4 23. Bxf4 gxf4 24. Qf5 Bc8 25. Qxf4 Rxb2 26. Ra7 Bb7 27. Qf5 Qb8 28.
Raa1 dxe5 29. Rad1 Rb4 30. Ne4 Qd8 31. Nxc5 Bc8 32. Qd3 Rf4 33. d6 Bf5 34. Qd5
e4 35. d7 Re7 36. Nd4 Re5 37. Qxe5 Bxe5 38. Nc6 Bxh3 39. Nxd8 Rg4 40. g3 e3 41.
Rxe3 Bd4 42. Nde6 1-0

[Event "USCL Week 2"]
[Site "Internet Chess Club"]
[Date "2011.09.07"]
[Round "?"]
[White "Allen, Alejandro"]
[Black "Freitag, Todd"]
[Result "1/2-1/2"]
[WhiteElo "1990"]
[BlackElo "1747"]
[PlyCount "112"]
[EventDate "2011.??.??"]

1. e4 e5 2. Nf3 Nf6 3. d4 Nxe4 4. Nxe5 d5 5. Bd3 Nd7 6. Nxd7 Bxd7 7. O-O Bd6 8.
c4 c6 9. Nc3 Nxc3 10. bxc3 O-O 11. cxd5 cxd5 12. Qh5 g6 13. Qxd5 Qc7 14. h3 Be6
15. Qf3 Qxc3 16. Rb1 Qxd4 17. Be4 Qe5 18. g3 Qh5 19. Qxh5 gxh5 20. Bh6 Rfe8 21.
Bxb7 Rab8 22. Rb5 f6 23. Re1 Kf7 24. a4 Bd7 25. Rxe8 Bxe8 26. Bd5+ Kg6 27. Rxb8
Bxb8 28. Be3 Bxa4 29. Kf1 a5 30. Ke1 Bd6 31. Kd2 h4 32. g4 Bb5 33. Be4+ Kg7 34.
f3 Bb4+ 35. Kc2 Bf1 36. Bf2 Bxh3 37. Bxh4 Bf1 38. Bf2 Bc4 39. Bd4 h6 40. f4 Kf7
41. Bc6 Be2 42. Bd7 Ke7 43. Bf5 Bd6 44. Be3 a4 45. g5 fxg5 46. fxg5 h5 47. Bd4
Bc4 48. Kc3 Be6 49. Be4 Kf7 50. g6+ Kg8 51. Bf6 Bf8 52. Bf3 h4 53. Bxh4 a3 54.
Bf6 a2 55. Kb2 Bg7 56. Bxg7 Kxg7 1/2-1/2

[Event "USCL Week 2"]
[Site "Internet Chess Club"]
[Date "2011.09.07"]
[Round "?"]
[White "Holt, Conrad"]
[Black "Kraai, Jesse"]
[Result "1/2-1/2"]
[WhiteElo "2520"]
[BlackElo "2567"]
[PlyCount "106"]
[EventDate "2011.??.??"]

1. d4 Nf6 2. c4 e6 3. Nc3 Bb4 4. Qc2 O-O 5. e4 d6 6. Bd3 Nc6 7. Nf3 e5 8. d5
Ne7 9. O-O Ng6 10. a3 Bxc3 11. Qxc3 Bg4 12. Bc2 c6 13. h3 Bd7 14. dxc6 Bxc6 15.
Re1 Rc8 16. Qd3 Nxe4 17. Rxe4 f5 18. Ng5 fxe4 19. Nxe4 Qh4 20. Be3 Nf4 21. Bxf4
Qxf4 22. Rf1 Bxe4 23. Qxe4 Qxe4 24. Bxe4 b6 25. Rd1 Rf6 26. a4 Kf7 27. f3 Ke7
28. b3 h5 29. Kf2 g5 30. Ke3 Rg8 31. Ra1 Rb8 32. Bd5 Rf4 33. Be4 Rh4 34. Kf2
Rf8 35. Re1 Rhf4 36. g3 R4f6 37. Ke3 Rg8 38. Bd5 Rg7 39. a5 g4 40. axb6 axb6
41. Ra1 Rf8 42. fxg4 hxg4 43. h4 Rb8 44. Ke4 b5 45. c5 dxc5 46. Kxe5 Rc8 47.
Ra6 c4 48. Re6+ Kf8 49. bxc4 bxc4 50. Rf6+ Ke7 51. Re6+ Kf8 52. Rf6+ Ke7 53.
Re6+ Kf8 1/2-1/2

[Event "USCL Week 2"]
[Site "Internet Chess Club"]
[Date "2011.09.07"]
[Round "?"]
[White "Zorigt, Bayaraa"]
[Black "Byambaa, Uyanga"]
[Result "1-0"]
[WhiteElo "2211"]
[BlackElo "2080"]
[PlyCount "135"]
[EventDate "2011.??.??"]

1. e4 d5 2. exd5 Nf6 3. Nf3 Nxd5 4. d4 Bg4 5. Be2 e6 6. c4 Nb6 7. Be3 Nc6 8.
Nbd2 Be7 9. O-O O-O 10. Rc1 f5 11. Nb3 Kh8 12. Re1 a5 13. h3 Bh5 14. a3 f4 15.
Bd2 a4 16. Nc5 Bxc5 17. dxc5 Nd7 18. Bb4 e5 19. Nd2 Bxe2 20. Qxe2 Nd4 21. Qe4
c6 22. Qd3 Qg5 23. Ne4 Qg6 24. f3 Nf6 25. Rcd1 Rad8 26. Nd6 Qg5 27. Bc3 Ne8 28.
Bxd4 exd4 29. Qxd4 Nxd6 30. cxd6 c5 31. Qd5 Qxd5 32. Rxd5 b6 33. Re7 Kg8 34.
Rb7 Rb8 35. Rc7 Rbd8 36. Kf2 Rf7 37. d7 Kf8 38. Rb7 Rf6 39. Ra7 Ke7 40. Rxa4
Rd6 41. Rxd6 Kxd6 42. Ra7 Kc6 43. Ke2 b5 44. Ra6+ Kb7 45. cxb5 Rxd7 46. Rc6 Rd5
47. a4 g5 48. b3 h5 49. a5 Re5+ 50. Kd2 Re3 51. Rxc5 Rxb3 52. Rxg5 h4 53. Kc2
Ra3 54. b6 Ka6 55. Kb2 Ra4 56. Kb3 Rd4 57. Rf5 Kb7 58. Rf7+ Kb8 59. a6 Rd8 60.
Rxf4 Ka8 61. Rxh4 Kb8 62. Rh7 Ka8 63. g4 Rb8 64. Rh6 Rf8 65. f4 Kb8 66. f5 Ka8
67. g5 Rb8 68. Re6 1-0

[Event "USCL Week 2"]
[Site "Internet Chess Club"]
[Date "2011.09.07"]
[Round "?"]
[White "Naroditsky, Daniel"]
[Black "Kiewra, Keaton"]
[Result "1-0"]
[WhiteElo "2516"]
[BlackElo "2436"]
[PlyCount "109"]
[EventDate "2011.??.??"]

1. e4 c5 2. Nf3 d6 3. d4 Nf6 4. Nc3 cxd4 5. Nxd4 g6 6. Be2 Bg7 7. O-O Nc6 8.
Nb3 O-O 9. Bg5 Be6 10. Kh1 a5 11. a4 Rc8 12. f4 Nb4 13. f5 Bxb3 14. cxb3 Rxc3
15. bxc3 Nxe4 16. cxb4 Bxa1 17. Bh6 Be5 18. fxg6 hxg6 19. Bd3 e6 20. Qg4 Nf6
21. Qh3 Qb6 22. Bxf8 Kxf8 23. bxa5 Qxb3 24. Bb5 Qxh3 25. gxh3 Ke7 26. Rb1 Kd8
27. Be2 Kc7 28. a6 bxa6 29. Bxa6 d5 30. Rb7+ Kc6 31. Rxf7 d4 32. a5 Ne8 33.
Bb7+ Kc5 34. a6 Kb6 35. Be4 Kxa6 36. Bxg6 Kb5 37. Rf3 Nc7 38. h4 Kc4 39. h5 Nd5
40. Bd3+ Kc5 41. h6 Nb4 42. Be4 Kc4 43. h7 d3 44. Rf8 Kd4 45. Bf3 Ke3 46. Kg2
d2 47. h8=Q Bxh8 48. Rxh8 Nd3 49. Bd1 Nf2 50. Bc2 d1=Q 51. Bxd1 Nxd1 52. Re8
Kf4 53. Rxe6 Ne3+ 54. Rxe3 Kxe3 55. Kg3 1-0